00603nam a22002057a 450000500170000001000110001702000100002803500110003803700160004904000120006508200170007724500940009426000360018827000370022430000210026150000190028265000440030165000190034570000330036420170124110108.0 a713387 c00.00 a713387 bCen Lib/Ret aDPLbEN a954.083bTWO aTwo native narratives of the mutiny in Delhi /ctranslated by Charles Theophilus Metcalfe aDelhibSeema Publicationsc1974 bDelhiaC-3/19, R.P. Baghe110007 a259p. c21cm(Hb) aIncludes index aDelhi (India) -- History -- Siege, 1857 aIndia -- Delhi aMetcalfe, Charles Theophilus